Finnair destinations - Statistics

General Stats
  • This quiz has been taken 506 times
  • The average score is 48 of 81
Answer Stats
Hint Answer % Correct
OSL Oslo (Gardermoen)
93%
LHR London (Heathrow)
92%
JFK New York (JFK)
92%
ARN Stockholm (Arlanda)
92%
AMS Amsterdam (Schipol)
90%
MAD Madrid (Barajas)
90%
CDG Paris (Charles De Gaulle)
89%
FCO Rome (Fiumcino)
86%
HEL Helsinki-Vantaa
85%
NRT Tokyo (Narita)
85%
CPH Copenhagen (Kastrup)
84%
PEK Beijing (Capital)
83%
TXL Berlin (Tegel)
82%
SVO Moscow (Sheremetyevo)
82%
BCN Barcelona (El Prat)
80%
HAM Hamburg
79%
RIX Riga
79%
WAW Warsaw (Frederic Chopin)
79%
BUD Budapest (Ferenc Liszt)
78%
FRA Frankfurt - am Maine
78%
NCE Nice
77%
OUL Oulu
77%
TLL Tallinn
77%
VIE Vienna
77%
PRG Prague
76%
TKU Turku
76%
BRU Brussels
75%
HKG Hong Kong
74%
DEL Delhi (Indira Gandhi)
73%
MAN Manchester
73%
BKK Bangkok (Suvarnabhumi)
72%
MUC Munich (Franz Josef Strauss)
72%
TMP Tampere-Pirkkala
72%
MIA Miami
70%
MXP Milan (Malpensa)
70%
DUS Düsseldorf
69%
RVN Rovaniemi
67%
VCE Venice (Marco Polo)
67%
ZHR Zürich
67%
PVG Shanghai (Pudong)
64%
SIN Singapore (Changi)
64%
DXB Dubai
63%
GOT Gothenburg
60%
JYV Jyväskylä
60%
KUO Kuopio
60%
VNO Vilnius
58%
KEM Kemi-Tornio
56%
ICN Seoul (Incheon)
56%
JOE Joensuu
55%
LJU Ljubljana
55%
GVA Geneva
53%
KAJ Kajaani
53%
YYZ Toronto (Pearson)
53%
VAA Vaasa
53%
IVL Ivalo
52%
KTT Kittilä
50%
KIX Osaka (Kansai)
50%
KOK Kokkola-Pietarsaari
48%
AGP Malaga
46%
TLV Tel Aviv
46%
BGO Bergen
44%
KRK Krakow
42%
AYT Antalya
41%
HAN Hanoi
40%
DBV Dubrovnik
38%
NGO Nagoya (Centrair)
35%
PSA Pisa
34%
XIY Xi'an
31%
KAO Kuusamo
29%
HKT Phuket
29%
TOS Tromsø
24%
SVL Savonlinna
23%
GZP Alanya
21%
CKG Chongqing
17%
KBV Krabi
15%
MHQ Mariehamn
13%
TAY Tartu
12%
SVX Yekaterinburg
12%
LED Saint Petesburg (Pulkovo)
9%
BIQ Biarritz - Anglet - Bayonne
8%
NRK Norrköping
7%
No matching quizzes found
Score Distribution
Percent of People with Each Score
Percentile by Number Answered
Your Score History
You have not taken this quiz